000 01108nam a2200229Ia 4500
001 18594
003 GE_BSU
008 181216s||||||||xx |||||||||||||| ||und||
020 _a9789941086403
040 _cGE_BSU
080 _a398.5
245 _aმხატვრული აზროვნების ტრანსფორმაციის ფორმები ქართულ ფოლკლორში.
245 _cრედ:ირმა რატიანი,რუსუდან ჩოლოყაშვილი.
250 _aშოთა რუსთაველის ქართული ლიტერატურის ინ-ტი:Shota Rustaveli Institute of Georgian Literature
260 _aთბილისი
260 _bსამშობლო
260 _c2016
300 _a448გვ;20სმ.
653 _aმხატვრული აზროვნების ტრანსფორმაციის ფორმები ქართულ ფოლკლორში.
653 _aქართული ფოლკორი
942 _cBK
999 _c51603
_d51603